LEADER 01339nam 22004333 450 001 9911069655803321 005 20230629223808.0 010 $a9788892188204 010 $a8892188208 035 $a(CKB)4900000001022499 035 $a(MiAaPQ)EBC29084026 035 $a(Au-PeEL)EBL29084026 035 $a(OCoLC)1321789276 035 $a(EXLCZ)994900000001022499 100 $a20220328d2022 uy 0 101 0 $aita 135 $aurcnu|||||||| 181 $ctxt$2rdacontent 182 $cc$2rdamedia 183 $acr$2rdacarrier 200 10$aAssetti Societari e Rischio Penale - E-Book $eFrammenti per la Costruzione Di un Modello Integrato Di Organizzazione e Gestione 205 $a1st ed. 210 1$a :$cGiappichelli,$d2022. 210 4$dİ2022. 215 $a1 online resource (225 pages) 311 08$a9788875245139 311 08$a8875245134 517 $aAssetti societari e rischio penale 517 $aAssetti societari e rischio penale - e-Book 606 $aCorporation law$zItaly$xCriminal provisions 615 0$aCorporation law$xCriminal provisions. 700 $aEsposito$b Andreana$0237105 801 0$bMiAaPQ 801 1$bMiAaPQ 801 2$bMiAaPQ 906 $aBOOK 912 $a9911069655803321 996 $aAssetti Societari e Rischio Penale - E-Book$94552795 997 $aUNINA